Language Quiz

Random Language Quiz
Score 0/12 Timer 12:00
0 Plays Today
Description Answer % Correct
The case of description Genitive
86.1%
The case of limitation Accusative
83.3%
The case of designation Nominative
80.6%
The case of interest Dative
77.8%
Name one of the three types of voiceactive
75%
Name one of the three types of voiceactive
75%
Name one of the three types of voiceactive
75%
The case of address Vocative
72.2%
How many declensions are in the Greek grammar?Three
52.8%
The case of separation Ablative
47.2%
The case of location or position Locative
44.4%
The case of means Instrumental
22.2%
Come Together.
Have Fun.
All Virtual.
We all need to come together. Play Sporcle's virtual live trivia to have fun, connect with people, and get your trivia on. Join a live hosted trivia game for your favorite pub trivia experience done virtually. If a virtual private party is more your thing, go here for details.

You're not logged in!

Compare scores with friends on all Sporcle quizzes.
OR
Log In

Sporcle TV

Today on Sporcle TV


Watch our educational content, quiz creation guides, and fun videos on Sporcle TV.

Show Comments

Extras

Created Mar 14, 2011ReportNominate
Tags:description, grammar, Greek

Top Quizzes Today


Score Distribution

Paid Content

Your Account Isn't Verified!

In order to create a playlist on Sporcle, you need to verify the email address you used during registration. Go to your Sporcle Settings to finish the process.

Report this User

Report this user for behavior that violates our Community Guidelines.

Details: